A ktsz nem izgul Üllés szolgáltatóiparából /
Elmentve itt :
| Szerző: | |
|---|---|
| Dokumentumtípus: | Cikk |
| Megjelent: |
1970-02-07
|
| Sorozat: | Délmagyarország
|
| Kulcsszavak: | Szolgáltatási ágazat Szeged környéke 1970, Üllés, Ipar szolgáltatóipar kisipari termelőszövetkezet Üllés |
| Online Access: | http://dmarchiv.bibl.u-szeged.hu/36821 |
| LEADER | 00565nab a2200157 i 4500 | ||
|---|---|---|---|
| 001 | delm36821 | ||
| 005 | 20180927112808.0 | ||
| 008 | 180927s1970 hu o 0|| hun d | ||
| 040 | |a SZTE Délmagyarország Archívum |b hun | ||
| 041 | |a hun | ||
| 100 | 1 | |a Horváth Dezső | |
| 245 | 1 | 2 | |a A ktsz nem izgul |h [elektronikus dokumentum] : |b Üllés szolgáltatóiparából / |c Horváth Dezső |
| 260 | |c 1970-02-07 | ||
| 300 | |a 4 | ||
| 490 | 0 | |a Délmagyarország | |
| 695 | |a Szolgáltatási ágazat Szeged környéke 1970, Üllés, Ipar szolgáltatóipar kisipari termelőszövetkezet Üllés | ||